000 00653nam a2200205Ia 4500
003 OSt
005 20251004102118.0
008 210210b1976 xxu||||| |||| 00| 0 eng d
040 _cAL
041 _aKannada
082 _a398.2K SUNJ
100 _aSUNKAPURA (M S). ed.
_d ಸುಂಕಾಪುರ (ಎಂ. ಎಸ್.)
_9241561
245 _aJivana Jokali : Gangigauri samvada.
_bಜೀವನ ಜೋಕಾಲಿ : ಗಂಗಿಗೌರಿ ಸಂವಾದ.
260 _aDharavada
_bKarnataka Vishvavidyalaya.
_c1976
300 _axix,151
650 _aKannada Folklore
_9241562
690 _aFolklore
_9241563
906 _a060463
942 _2ddc
_cBK
999 _c107478
_d107478